| 000 | 01087nam a2200289Ia 4500 | ||
|---|---|---|---|
| 001 | G5301 | ||
| 003 | IT-RoPAU | ||
| 008 | 130308s9999 xx 000 0 und d | ||
| 040 | _aIT-RoPAU | ||
| 040 | _cIT-RoPAU | ||
| 041 | _aITALIANO | ||
| 100 | _aMcquail Denis | ||
| 100 | _gCodice Aut. SPICS: 3933 | ||
| 245 | _aTeoria dei media e teoria della società | ||
| 245 | _bIntroduzione Alla Mediologia | ||
| 250 | _a1a ed. | ||
| 260 | _aROMA | ||
| 260 | _bSossella Luca | ||
| 260 | _c2000 [1° Ed.:2000 - Ed.Ling.Originale:1983] | ||
| 300 | _a"21 p. (prefazione: no ; testo: 21 [pagine: 33-53])" | ||
| 500 | _aComunicazione di Massa Come Processo Sociale Globale: Mediazione delle relazioni Sociali. teorie Alternative dei Media e della Società. tendenze Centrifughe e Centripete dei Media. Media o Società Come motore Primo. Teoriadella Società di Massa. posizione Classica del Marxismo. Scuola di Francoforte e Teoria Critica. | ||
| 650 | _aTEORIA DELLA COMUNICAZIONE SOCIALE | ||
| 650 | _eCodice materia Spics: 3802 | ||
| 942 | _cBK | ||
| 957 | _71 | ||
| 999 |
_c79647 _d79647 |
||
| 999 | _g1 | ||